[Event "Pardubice rapid op 33rd"]
[Site "Pardubice"]
[Date "2022.07.21"]
[Round "8"]
[White "Bertram, Karsten"]
[Black "Chrz, Pavel"]
[Result "1-0"]
[WhiteElo "2062"]
[BlackElo "1986"]
[PlyCount "91"]
[EventDate "2022.07.20"]
[EventType "swiss (rapid)"]
[EventRounds "9"]
[EventCountry "CZE"]
[SourceTitle "CBM 209 Extra"]
[Source "ChessBase"]
[SourceDate "2022.09.30"]
[SourceVersion "1"]
[SourceVersionDate "2022.09.30"]
[SourceQuality "1"]

1. d4 Nf6 2. Nc3 d5 3. Bf4 g6 4. e3 Bg7 5. h4 h5 6. Nf3 Bg4 7. Qd2 c6 8. Ne5 Nbd7 9. f3 Bf5 10. Be2 Nxe5 11. Bxe5 0-0 12. 0-0-0 b5 13. Bd3 Bxd3 14. Qxd3 Nd7 15. Bxg7 Kxg7 16. g4 Rh8 17. e4 b4 18. Ne2 hxg4 19. exd5 cxd5 20. h5 Qc7 21. h6+ Kh7 22. fxg4 Nf6 23. Qf3 Rac8 24. c3 Rhf8 25. Kb1 Ne4 26. Rh3 a5 27. Qe3 bxc3 28. Nxc3 Nxc3+ 29. bxc3 Qb6+ 30. Ka1 Rb8 31. Rh2 Rb7 32. Qe5 f6 33. Qxd5 e6 34. Qe4 Rfb8 35. Qc2 a4 36. c4 a3 37. c5 Qc6 38. Qc4 Qe4 39. Rhh1 Qg2 40. Qc3 Rb2 41. Qxa3 Qe4 42. Qa7+ R8b7 43. Qa4 Qd5 44. c6 R7b4 45. Qa7+ Rb7 46. cxb7 1-0

[Event "Pardubice rapid op 33rd"]
[Site "Pardubice"]
[Date "2022.07.21"]
[Round "9"]
[White "Kraus, Ondrej"]
[Black "Bertram, Karsten"]
[Result "1-0"]
[WhiteElo "1993"]
[BlackElo "2062"]
[PlyCount "123"]
[EventDate "2022.07.20"]
[EventType "swiss (rapid)"]
[EventRounds "9"]
[EventCountry "CZE"]
[SourceTitle "CBM 209 Extra"]
[Source "ChessBase"]
[SourceDate "2022.09.30"]
[SourceVersion "1"]
[SourceVersionDate "2022.09.30"]
[SourceQuality "1"]

1. d4 d5 2. c4 e6 3. Nf3 f5 4. Nc3 Nf6 5. Bg5 Be7 6. e3 c6 7. Be2 0-0 8. 0-0 Bd7 9. Rb1 Be8 10. b4 Bh5 11. b5 Bxf3 12. Bxf3 Qa5 13. Qc2 Nbd7 14. Be2 Bb4 15. bxc6 bxc6 16. Bxf6 Nxf6 17. Na4 Ne4 18. Rfd1 Rab8 19. c5 e5 20. dxe5 Bc3 21. Rxb8 Rxb8 22. f3 Bd2 23. fxe4 Bxe3+ 24. Kh1 fxe4 25. e6 Bg5 26. Rb1 Re8 27. Bg4 Bf6 28. Qb3 g6 29. Qb7 Re7 30. Qxc6 Qd2 31. Qa8+ Kg7 32. Rd1 Qc2 33. Qxd5 Qxa4 34. Re1 e3 35. h3 h5 36. Bf3 Qf4 37. Qe4 Qg3 38. Qxe3 Rc7 39. c6 a5 40. Bd5 Qh4 41. Rf1 Re7 42. Qf4 Qxf4 43. Rxf4 Be5 44. Rf7+ Rxf7 45. exf7 g5 46. Kg1 g4 47. hxg4 hxg4 48. Kf2 Bf4 49. Ke2 Kf8 50. a4 Ke7 51. Kd3 Bh6 52. Kc4 Kd6 53. Be4 Ke6 54. Bf5+ Kd6 55. Bd7 Bf8 56. Kb5 Kc7 57. Kxa5 Bd6 58. Kb5 Kd8 59. a5 Ke7 60. Be8 Kd8 61. a6 Kc7 62. a7 1-0

[Event "Pardubice rapid op 33rd"]
[Site "Pardubice"]
[Date "2022.07.21"]
[Round "5"]
[White "Stocek, Jiri"]
[Black "Bertram, Karsten"]
[Result "1-0"]
[WhiteElo "2548"]
[BlackElo "2062"]
[PlyCount "29"]
[EventDate "2022.07.20"]
[EventType "swiss (rapid)"]
[EventRounds "9"]
[EventCountry "CZE"]
[SourceTitle "CBM 209 Extra"]
[Source "ChessBase"]
[SourceDate "2022.09.30"]
[SourceVersion "1"]
[SourceVersionDate "2022.09.30"]
[SourceQuality "1"]

1. c4 e5 2. Nc3 Nc6 3. e3 d6 4. Nf3 Bg4 5. h3 Bf5 6. d4 exd4 7. exd4 Qd7 8. Be3 Nf6 9. d5 Nb4 10. Nd4 Bg6 11. a3 Na6 12. c5 Nxd5 13. c6 bxc6 14. Nxd5 Nc5 15. Nxc6 1-0

[Event "Niedersachsen-ch MT"]
[Site "Verden an der Aller"]
[Date "2020.01.04"]
[Round "6"]
[White "Bertram, Karsten"]
[Black "Brockmeyer, Tobias"]
[Result "1-0"]
[WhiteElo "2058"]
[BlackElo "1902"]
[PlyCount "43"]
[EventDate "2020.01.02"]
[EventType "swiss"]
[EventRounds "7"]
[EventCountry "GER"]
[SourceTitle "EXT 2023"]
[Source "ChessBase"]
[SourceDate "2022.10.05"]
[SourceVersion "1"]
[SourceVersionDate "2022.10.05"]
[SourceQuality "1"]

1. d4 Nf6 2. Nc3 d5 3. Bf4 g6 4. e3 c5 5. Nb5 Na6 6. h4 Bg7 7. h5 Nxh5 8. Rxh5 gxh5 9. Qxh5 Be6 10. Nf3 Qb6 11. Ng5 h6 12. Nd6+ exd6 13. Nxe6 Bf6 14. Bxa6 bxa6 15. dxc5 Qa5+ 16. Kf1 Ke7 17. Bxd6+ Kd7 18. Qxf7+ Kc6 19. Qxf6 Rae8 20. Nd4+ Kb7 21. Qf7+ Ka8 22. Qxd5# 1-0

[Event "Paderborn op 16th"]
[Site "Paderborn"]
[Date "2019.12.27"]
[Round "2"]
[White "Wittke, Rene"]
[Black "Bertram, Karsten"]
[Result "1/2-1/2"]
[WhiteElo "2305"]
[BlackElo "2058"]
[PlyCount "45"]
[EventDate "2019.12.27"]
[EventType "swiss"]
[EventRounds "7"]
[EventCountry "GER"]
[SourceTitle "CBM 194 Extra"]
[Source "ChessBase"]
[SourceDate "2020.03.31"]
[SourceVersion "1"]
[SourceVersionDate "2020.03.31"]
[SourceQuality "1"]

1. Nf3 d5 2. e3 Bg4 3. c4 c6 4. Qb3 Qb6 5. cxd5 Qxb3 6. axb3 cxd5 7. Nc3 Bxf3 8. gxf3 e6 9. Nb5 Kd7 10. Rxa7 Rxa7 11. Nxa7 Ne7 12. d4 Nbc6 13. Nxc6 Nxc6 14. Bb5 Bd6 15. Bd2 Ra8 16. Ke2 Kc7 17. Rc1 Kb6 18. Ba4 Nb4 19. e4 Rd8 20. e5 Be7 21. f4 g6 22. Bxb4 Bxb4 23. Ra1 1/2-1/2

[Event "Pardubice Czech op-A 28th"]
[Site "Pardubice"]
[Date "2017.07.22"]
[Round "2"]
[White "Bertram, Karsten"]
[Black "Hacker, Jonas"]
[Result "1-0"]
[WhiteElo "2021"]
[BlackElo "2297"]
[PlyCount "67"]
[EventDate "2017.07.21"]
[EventType "swiss"]
[EventRounds "9"]
[EventCountry "CZE"]
[SourceTitle "CBM 179 Extra"]
[Source "ChessBase"]
[SourceDate "2017.08.23"]
[SourceVersion "1"]
[SourceVersionDate "2017.08.23"]
[SourceQuality "1"]

1. e4 e5 2. Nf3 Nc6 3. Bc4 Bc5 4. c3 Nf6 5. d4 exd4 6. cxd4 Bb4+ 7. Nc3 Nxe4 8. 0-0 Bxc3 9. d5 Ne5 10. Qe2 0-0 11. bxc3 Nxc4 12. Qxe4 Nd6 13. Qf4 Ne8 14. d6 cxd6 15. Re1 b6 16. Qe4 Rb8 17. Ng5 Nf6 18. Qd3 h6 19. Nf3 Ne8 20. Nd4 Bb7 21. Nf5 Qf6 22. Re3 h5 23. Rg3 Kh8 24. Ba3 Rc8 25. Re1 g6 26. Ne7 Ra8 27. Bc1 Qg7 28. Be3 Kh7 29. Bd4 Nf6 30. Nf5 Qh8 31. Nxd6 Bc6 32. Nxf7 Qg7 33. Ne5 Rg8 34. Nxg6 1-0

[Event "Niedersachsen-ch op"]
[Site "Verden"]
[Date "2016.01.05"]
[Round "5"]
[White "Hoppe, Andreas"]
[Black "Bertram, Karsten"]
[Result "0-1"]
[WhiteElo "1901"]
[BlackElo "2060"]
[PlyCount "88"]
[EventDate "2016.01.03"]
[EventType "swiss"]
[EventRounds "7"]
[EventCountry "GER"]
[SourceTitle "EXT 2018"]
[Source "ChessBase"]
[SourceDate "2017.10.13"]
[SourceVersion "1"]
[SourceVersionDate "2017.10.13"]
[SourceQuality "1"]

1. Nf3 d5 2. e3 c5 3. d4 e6 4. c4 Nf6 5. Nc3 Nc6 6. cxd5 Nxd5 7. Bb5 a6 8. Ba4 b5 9. Bc2 Nxc3 10. bxc3 Bb7 11. 0-0 Be7 12. Bb2 0-0 13. Ba3 cxd4 14. Bxe7 Qxe7 15. cxd4 Rfc8 16. Rc1 Rc7 17. Be4 Rac8 18. Qd2 Nd8 19. Bxb7 Nxb7 20. Ne5 Qa3 21. Nd3 Rxc1 22. Rxc1 Rxc1+ 23. Qxc1 Qxc1+ 24. Nxc1 Kf8 25. Kf1 Ke7 26. Ke2 Kd6 27. Kd3 e5 28. Nb3 h5 29. dxe5+ Kxe5 30. f4+ Kd6 31. Kd4 f5 32. g3 a5 33. a3 a4 34. Nd2 Na5 35. e4 Nc6+ 36. Kd3 fxe4+ 37. Nxe4+ Kd5 38. Nc3+ Kc5 39. Ne4+ Kb6 40. Kc3 Ne7 41. Nd6 Kc6 42. Nf7 Nd5+ 43. Kd4 b4 44. Ne5+ Kb5 0-1

[Event "Niedersachsen-ch op"]
[Site "Verden"]
[Date "2016.01.04"]
[Round "4"]
[White "Bertram, Karsten"]
[Black "Boehme, Andre"]
[Result "0-1"]
[WhiteElo "2060"]
[BlackElo "1879"]
[PlyCount "106"]
[EventDate "2016.01.03"]
[EventType "swiss"]
[EventRounds "7"]
[EventCountry "GER"]
[SourceTitle "EXT 2018"]
[Source "ChessBase"]
[SourceDate "2017.10.13"]
[SourceVersion "1"]
[SourceVersionDate "2017.10.13"]
[SourceQuality "1"]

1. e4 c5 2. Nf3 e6 3. d4 cxd4 4. Nxd4 Nc6 5. Nc3 Qc7 6. Be3 a6 7. Bd3 Nf6 8. 0-0 Bd6 9. Nxc6 bxc6 10. f4 Be7 11. Qe2 d5 12. Bd4 c5 13. Be5 Qa7 14. Bb5+ axb5 15. Nxb5 Ba6 16. exd5 0-0 17. d6 Bd8 18. c4 Bxb5 19. cxb5 c4+ 20. Kh1 Qa4 21. b3 Qxb5 22. bxc4 Qc5 23. Rab1 Nd7 24. Rb5 Qc6 25. c5 Rxa2 26. Qxa2 Qxb5 27. Rc1 Nxe5 28. fxe5 Bg5 29. Qc4 Qc6 30. Rd1 g6 31. h4 Bh6 32. d7 Rd8 33. Rd6 Qc7 34. c6 Bf8 35. Rxe6 Rxd7 36. Re8 Re7 37. Rxe7 Bxe7 38. e6 fxe6 39. Qxe6+ Kf8 40. Qc4 Bd6 41. h5 Qf7 42. Qe2 g5 43. g4 Qd5+ 44. Qg2 Qd1+ 45. Qg1 Qxg1+ 46. Kxg1 Ke7 47. Kg2 Ke6 48. Kf3 Ke5 49. Ke3 h6 50. Kf3 Kd4 51. Kg2 Ke4 52. Kh3 Kf4 53. Kg2 Kxg4 0-1

[Event "Prague Summer op-B 2nd"]
[Site "Prague"]
[Date "2015.08.13"]
[Round "8"]
[White "Bertram, Karsten"]
[Black "Mihal, Sergej"]
[Result "0-1"]
[WhiteElo "2131"]
[BlackElo "1825"]
[PlyCount "50"]
[EventDate "2015.08.07"]
[EventType "swiss"]
[EventRounds "9"]
[EventCountry "CZE"]
[SourceTitle "EXT 2017"]
[Source "ChessBase"]
[SourceDate "2016.10.25"]
[SourceVersion "1"]
[SourceVersionDate "2016.10.25"]
[SourceQuality "1"]

1. d4 Nf6 2. Nc3 d5 3. Bf4 c6 4. f3 Bf5 5. Qd2 e6 6. g4 Bg6 7. 0-0-0 Bd6 8. Nh3 b5 9. Bxd6 Qxd6 10. Nf4 Nbd7 11. h4 e5 12. Nxg6 hxg6 13. g5 Nh5 14. dxe5 Nxe5 15. e4 Ng3 16. Nxd5 Kf8 17. Rh3 Nxf1 18. Qa5 Nc4 19. Qc3 cxd5 20. Rxd5 Qf4+ 21. Kb1 Nfd2+ 22. Ka1 Nxe4 23. Qe1 Ne3 24. Qb4+ Kg8 25. Qxe4 Nxd5 0-1

[Event "Bremen-ch op"]
[Site "Bremen"]
[Date "2015.04.01"]
[Round "6"]
[White "Hundack, Rolf"]
[Black "Bertram, Karsten"]
[Result "1-0"]
[WhiteElo "2246"]
[BlackElo "2133"]
[PlyCount "77"]
[EventDate "2015.03.28"]
[EventType "swiss"]
[EventRounds "9"]
[EventCountry "GER"]
[SourceTitle "EXT 2018"]
[Source "ChessBase"]
[SourceDate "2017.10.13"]
[SourceVersion "1"]
[SourceVersionDate "2017.10.13"]
[SourceQuality "1"]

1. c4 e5 2. g3 d6 3. Bg2 Nc6 4. Nc3 Be6 5. d3 Qd7 6. Rb1 g6 7. b4 Bg7 8. Nd5 Nd8 9. Nf3 c6 10. Nc3 Bh3 11. Bxh3 Qxh3 12. Ne4 Qd7 13. c5 d5 14. Nd6+ Kf8 15. 0-0 Ne7 16. Nh4 b6 17. e4 Ne6 18. f4 exf4 19. Bxf4 bxc5 20. bxc5 Nxc5 21. e5 Qe6 22. Nf3 f5 23. Qc2 Na6 24. Ng5 Qg8 25. Rb7 h6 26. Ngf7 Rh7 27. Rxe7 Kxe7 28. Qxc6 Qb8 29. Qxa6 Qb6+ 30. Qxb6 axb6 31. Rc1 Bf8 32. Rc7+ Ke6 33. Nd8+ Rxd8 34. Rxh7 g5 35. Be3 Ra8 36. Bd4 Ra4 37. Nb5 Rxd4 38. Nxd4+ Kxe5 39. Nf3+ 1-0

[Event "Bremen-ch op"]
[Site "Bremen"]
[Date "2015.03.31"]
[Round "5"]
[White "Bertram, Karsten"]
[Black "Beinke, Lukas"]
[Result "1-0"]
[WhiteElo "2133"]
[BlackElo "1958"]
[PlyCount "99"]
[EventDate "2015.03.28"]
[EventType "swiss"]
[EventRounds "9"]
[EventCountry "GER"]
[SourceTitle "EXT 2018"]
[Source "ChessBase"]
[SourceDate "2017.10.13"]
[SourceVersion "1"]
[SourceVersionDate "2017.10.13"]
[SourceQuality "1"]

1. d4 Nf6 2. Nc3 d5 3. f3 c5 4. Bg5 e6 5. e4 cxd4 6. Qxd4 Be7 7. exd5 Nc6 8. Bb5 0-0 9. Bxc6 bxc6 10. d6 Qxd6 11. Qxd6 Bxd6 12. Bxf6 gxf6 13. 0-0-0 Rd8 14. Nge2 Ba6 15. Nd4 Rac8 16. g3 Be5 17. Nde2 f5 18. b3 Kf8 19. Rxd8+ Rxd8 20. Rd1 Rxd1+ 21. Kxd1 Ke7 22. Kd2 Kd6 23. Nc1 Bd4 24. Nd3 e5 25. Ne2 Bb6 26. c4 e4 27. fxe4 fxe4 28. Ndf4 Bc8 29. b4 Ke5 30. Kc3 Be3 31. a4 Bg4 32. b5 cxb5 33. axb5 h5 34. Kb4 Kd6 35. Nc3 Bd2 36. c5+ Ke5 37. Kc4 Bxf4 38. gxf4+ Kxf4 39. Kd4 Bf5 40. b6 axb6 41. cxb6 Bc8 42. Nxe4 h4 43. Nd6 Ba6 44. Kc5 Kg4 45. Kb4 f5 46. Ka5 f4 47. Kxa6 f3 48. Ne4 Kf4 49. Nf2 Ke3 50. Nh3 1-0